The mind of the soul : (Record no. 29)

MARC details
000 -LEADER
fixed length control field 01110cam a22003134a 4500
005 - DATE AND TIME OF LATEST TRANSACTION
control field 20260322212003.0
008 - FIXED-LENGTH DATA ELEMENTS--GENERAL INFORMATION
fixed length control field data
010 ## - LIBRARY OF CONGRESS CONTROL NUMBER
LC control number 2003055492
020 ## - INTERNATIONAL STANDARD BOOK NUMBER
International Standard Book Number 074323698X
020 ## - INTERNATIONAL STANDARD BOOK NUMBER
International Standard Book Number 9780743236980
040 ## - CATALOGING SOURCE
Original cataloging agency DLC
Transcribing agency DLC
Modifying agency DLC
042 ## - AUTHENTICATION CODE
Authentication code pcc
050 00 - LIBRARY OF CONGRESS CALL NUMBER
Classification number BF611
Item number .Z85 2003
082 00 - DEWEY DECIMAL CLASSIFICATION NUMBER
Classification number 153.8/3
Edition information 22
092 ## - LOCALLY ASSIGNED DEWEY CALL NUMBER (OCLC)
Classification number 153.8 Z85 2003
001 - CONTROL NUMBER
control field data
100 1# - MAIN ENTRY--PERSONAL NAME
Personal name Zukav, Gary.
245 14 - TITLE STATEMENT
Title The mind of the soul :
Remainder of title responsible choice /
Statement of responsibility, etc. Gary Zukav & Linda Francis.
260 ## - PUBLICATION, DISTRIBUTION, ETC.
Place of publication, distribution, etc. New York :
Name of publisher, distributor, etc. Free Press,
Date of publication, distribution, etc. 2003.
300 ## - PHYSICAL DESCRIPTION
Extent xvii, 215 p. :
Other physical details ill. ;
Dimensions 23 cm.
500 ## - GENERAL NOTE
General note Includes index.
650 #0 - SUBJECT ADDED ENTRY--TOPICAL TERM
Topical term or geographic name entry element Choice (Psychology)
Form subdivision Miscellanea.
650 #0 - SUBJECT ADDED ENTRY--TOPICAL TERM
Topical term or geographic name entry element New Age movement.
700 1# - ADDED ENTRY--PERSONAL NAME
Personal name Francis, Linda.
856 42 - ELECTRONIC LOCATION AND ACCESS
Materials specified Contributor biographical information
Uniform Resource Identifier <a href="http://www.loc.gov/catdir/bios/simon053/2003055492.html">http://www.loc.gov/catdir/bios/simon053/2003055492.html</a>
856 42 - ELECTRONIC LOCATION AND ACCESS
Materials specified Publisher description
Uniform Resource Identifier <a href="http://www.loc.gov/catdir/description/simon041/2003055492.html">http://www.loc.gov/catdir/description/simon041/2003055492.html</a>
856 41 - ELECTRONIC LOCATION AND ACCESS
Materials specified Table of contents only
Uniform Resource Identifier <a href="http://www.loc.gov/catdir/enhancements/fy0631/2003055492-t.html">http://www.loc.gov/catdir/enhancements/fy0631/2003055492-t.html</a>
856 41 - ELECTRONIC LOCATION AND ACCESS
Materials specified Sample text
Uniform Resource Identifier <a href="http://www.loc.gov/catdir/enhancements/fy0641/2003055492-s.html">http://www.loc.gov/catdir/enhancements/fy0641/2003055492-s.html</a>
Holdings
Withdrawn status Lost status Damaged status Not for loan Home library Current library Shelving location Date acquired Total checkouts Full call number Barcode Date last seen Price effective from Koha item type
        Franklin Franklin General stacks 22/03/2026   153.8/3 22 BC0010029 22/03/2026 22/03/2026 Books